000 00359nam a2200145 i 4500
001 bg
245 0 _aBibliografia Bibliografii Polskich 1981 /
_coprac. Lidia Lechowa.
260 _aWarszawa,
_c1988.
700 1 _aLechowa, Lidia.
_eOprac.
040 _cBPK
041 _apol
080 _a016:01
942 _cKS
008 s pl f |000 0 pol
999 _c23897
_d23897
856 _uhttp://koha.tu.koszalin.pl/cgi-bin/koha/opac-detail.pl?biblionumber=23897
_yKatalog online BPK